[Event "6. Tournament Anatoly Karpov"]
[Site "Poikovsky RUS"]
[Date "2005.02.28"]
[Round "3.3"]
[White "Svidler, Peter"]
[Black "Grischuk, Alexander"]
[Result "1/2-1/2"]
[WhiteElo "2735"]
[BlackElo "2710"]
[PlyCount "35"]
[EventDate "2005.02.26"]
[EventType "tourn"]
[EventRounds "9"]
[EventCountry "RUS"]
[EventCategory "18"]
[Source "lmi"]
[SourceDate "2005.03.06"]

1. e4 c5 2. Nf3 d6 3. d4 cxd4 4. Nxd4 Nf6 5. Nc3 a6 6. Be2 e5 7. Nb3 Be7 8. O-O
Be6 9. Be3 O-O 10. Qd3 Nbd7 11. Nd5 Bxd5 12. exd5 Nc5 13. Qd2 Nfe4 14. Qb4 a5
15. Qc4 Rc8 16. Nxc5 Nxc5 17. Qb5 f5 18. c3 1/2-1/2

[Event "6. Tournament Anatoly Karpov"]
[Site "Poikovsky RUS"]
[Date "2005.03.06"]
[Round "8.3"]
[White "Bacrot, Etienne"]
[Black "Bologan, Viktor"]
[Result "1-0"]
[WhiteElo "2715"]
[BlackElo "2683"]
[PlyCount "87"]
[EventDate "2005.02.26"]
[EventType "tourn"]
[EventRounds "9"]
[EventCountry "RUS"]
[EventCategory "18"]
[Source "lmi"]
[SourceDate "2005.03.06"]

1. d4 Nf6 2. c4 e6 3. Nf3 d5 4. Nc3 Be7 5. Qc2 O-O 6. cxd5 exd5 7. Bg5 c5 8.
dxc5 Qa5 9. e3 Nc6 10. Bb5 Nb4 11. Qa4 Qxa4 12. Bxa4 Nd3+ 13. Ke2 Nxc5 14. Bc2
Be6 15. Nd4 Rac8 16. Rac1 g6 17. Rhd1 Rfd8 18. Bb1 a6 19. a3 Kg7 20. Ba2 h6 21.
Bh4 g5 22. Bg3 Nce4 23. Nxe4 Nxe4 24. Bc7 Re8 25. Rc2 Bf6 26. Nxe6+ fxe6 27.
Rdc1 g4 28. f3 gxf3+ 29. gxf3 Ng5 30. f4 Nf7 31. f5 exf5 32. Bxd5 Bg5 33. Bb6
Rxc2+ 34. Rxc2 Nd6 35. Kf3 Bf6 36. Bc5 Ne4 37. Bb4 Ng5+ 38. Kf2 b6 39. Rc7+ Kg6
40. h4 Ne6 41. Rc6 a5 42. Bc3 Bxh4+ 43. Kf3 Kf7 44. e4 1-0

[Event "6. Tournament Anatoly Karpov"]
[Site "Poikovsky RUS"]
[Date "2005.03.07"]
[Round "9.4"]
[White "Sadvakasov, Darmen"]
[Black "Bacrot, Etienne"]
[Result "1/2-1/2"]
[WhiteElo "2635"]
[BlackElo "2715"]
[PlyCount "63"]
[EventDate "2005.02.26"]
[EventType "tourn"]
[EventRounds "9"]
[EventCountry "RUS"]
[EventCategory "18"]
[Source "lmi"]
[SourceDate "2005.03.06"]

1. e4 e5 2. Nf3 Nc6 3. Bb5 Nf6 4. O-O Nxe4 5. d4 Nd6 6. Bxc6 dxc6 7. dxe5 Nf5
8. Qxd8+ Kxd8 9. Nc3 Ne7 10. Ne4 Ng6 11. Re1 h6 12. h3 Be7 13. Ng3 Nh4 14. Nh2
h5 15. Ne4 Be6 16. Bg5 Bxg5 17. Nxg5 Ke7 18. Re4 Ng6 19. Nxe6 fxe6 20. Nf3 Rad8
21. g3 Rhf8 22. Kg2 Rf5 23. Rae1 Rdf8 24. R4e3 Rd8 25. Ra3 a6 26. Rb3 b6 27.
Rc3 c5 28. b4 Rd5 29. bxc5 Nxe5 30. Nh4 Rf6 31. f4 Nd7 32. cxb6 1/2-1/2